[Event "Saratov-B"]
[Site "Saratov"]
[Date "2009.08.11"]
[Round "3"]
[White "Marizina, Yulia"]
[Black "Khaybulin, Damir"]
[Result "0-1"]
[WhiteElo "1719"]
[BlackElo "1600"]
[PlyCount "48"]
[EventDate "2009.08.10"]
[EventType "tourn"]
[EventRounds "13"]
[EventCountry "RUS"]
[SourceTitle "CBM 132 Extra"]
[Source "ChessBase"]
[SourceDate "2009.11.03"]
[SourceVersion "1"]
[SourceVersionDate "2009.11.03"]
[SourceQuality "1"]

1. e4 c5 2. Nf3 d6 3. d4 cxd4 4. Nxd4 Nf6 5. Nc3 e6 6. Bg5 Be7 7. Bd3 0-0 8. 0-0 a6 9. f4 Qb6 10. Nce2 e5 11. fxe5 dxe5 12. Be3 exd4 13. Bxd4 Bc5 14. c3 Bg4 15. Bxc5 Qxc5+ 16. Kh1 Rd8 17. Qc2 Qe3 18. Nd4 Nc6 19. Rae1 Nxd4 20. Qb1 Ne2 21. Bxe2 Bxe2 22. e5 Ne4 23. Rxe2 Qxe2 24. Re1 Rd1 0-1